| 000 | 00670nam a2200217 a 4500 | ||
|---|---|---|---|
| 001 | 61277 | ||
| 003 | BD-RjUL | ||
| 005 | 20211209080937.0 | ||
| 008 | 170116r19671957enk | |||| | eng d | ||
| 035 | _a(BD-RjUL)61401 | ||
| 040 |
_aBD-RjUL _beng _cBD-RjUL _dBD-RjUL |
||
| 041 | _aeng | ||
| 082 |
_223 _a658.3 _bCOP 1967 |
||
| 100 |
_aCollinbridge, J.M. _9182763 |
||
| 245 | 1 | 0 |
_aPersonnel management in the small firm / _cby J.M. Collinbridge and M. Ritchie. |
| 260 |
_aLondon : _bInstitute of Personnel Management, _c1957 [reprinted 1967] |
||
| 300 |
_a54 p. ; _c23 cm. |
||
| 650 |
_aPersonnel management _9170518 |
||
| 700 |
_aRitchie, M. _9182764 |
||
| 942 |
_2ddc _cBK |
||
| 999 |
_c61277 _d61277 |
||